Statistics for Countries with the Most Mandarin Speakers

Click here to take the quiz!

General Stats

  • This quiz has been taken 74 times
  • The average score is 8 of 10

Answer Stats

PlaceStatusSpeakersAnswer% Correct
1.National1 020 540 000China
100%
8.487 250U.S.A.
97%
2.National19 798 800Taiwan
93%
3.Official2 080 000Singapore
88%
7.592 035Canada
83%
9.460 000Indonesia
82%
5.1 019 000Malaysia
82%
10.310 464South Korea
82%
6.634 000Australia
72%
4.1 041 800Myanmar
63%

Score Distribution

Percentile by Number Answered

Percent of People with Each Score

Your Score History

You have not taken this quiz